Le chevalier, la femme, et le prête: le mariage dans la France féodale

Saved in:
Bibliografiske detaljer
Hovedforfatter: Duby, Georges (Author)
Format: Bog
Sprog:fransk
Udgivet: París Hachette 1981
Serier:Collection Pluriel
Fag:
Tags: Tilføj Tag
Ingen Tags, Vær først til at tagge denne postø!

MARC

LEADER 00000nam a2200000 a 4500
001 UCP6353
003 CL-VaPUC
008 991022e19810000FR |||||||||||||||||fre|d
082 0 4 |a 940.1  |b DUB  |2 21 
100 0 |a Duby, Georges  |e author  |9 435446 
245 1 3 |a Le chevalier, la femme, et le prête: le mariage dans la France féodale 
300 |a 312 p 
942 |c BK 
945 |d 19991022 00:00:00  |a lriquelm 
260 |a París  |b Hachette  |c 1981 
600 0 |a Iglesia católica  |9 255129 
650 7 |a MATRIMONIO HISTORIA  |2 CL-VaPUC  |9 320488 
650 7 |a MATRIMONIO ASPECTOS RELIGIOSOS  |2 CL-VaPUC  |9 320489 
650 7 |a HISTORIA SOCIAL EDAD MEDIA 500-1500  |2 CL-VaPUC  |9 320490 
651 0 |a Francia  |9 255157 
583 |a last modification  |c 19991022 00:00:00  |k Rodrigo Vera 
490 0 |a Collection Pluriel 
999 |c 283940  |d 283938 
952 |0 0  |1 0  |4 0  |6 940_100000000000000_DUB_1981  |7 0  |8 A  |9 327497  |a BIBHIS  |b BIBHIS  |d 2019-11-20  |i 1383140  |o 940.1 DUB 1981  |p 1383140  |r 2025-01-20  |w 2019-11-20  |y BK  |k HIS